[Event "Politiken Cup 37th"]
[Site "Helsingor"]
[Date "2015.07.30"]
[Round "7"]
[White "Kvisvik, Brede Alexander"]
[Black "Petersen, Martin Reib"]
[Result "1-0"]
[WhiteElo "2304"]
[BlackElo "2122"]
[PlyCount "75"]
[EventDate "2015.07.25"]
[EventType "swiss"]
[EventRounds "10"]
[EventCountry "DEN"]
[SourceTitle "CBM 167 Extra"]
[Source "ChessBase"]
[SourceDate "2015.09.14"]
[SourceVersion "1"]
[SourceVersionDate "2015.09.14"]
[SourceQuality "1"]

1. d4 Nf6 2. Nf3 e6 3. c4 Nc6 4. g3 d5 5. Bg2 dxc4 6. Qa4 Bb4+ 7. Bd2 Nd5 8. Bxb4 Ndxb4 9. 0-0 Rb8 10. Na3 0-0 11. Qb5 Qd5 12. Qxc4 b6 13. Rfc1 Qxc4 14. Nxc4 Bb7 15. Nce5 Rfd8 16. a3 Nxe5 17. Nxe5 Na6 18. Bxb7 Rxb7 19. Nc6 Rd7 20. e3 Nb8 21. Ne5 Rd5 22. Rc3 Nd7 23. Nc6 Rb5 24. b4 Nf6 25. Rac1 Kf8 26. a4 Rh5 27. b5 Ne8 28. e4 Nd6 29. f3 Ke8 30. g4 Rg5 31. Ne5 Kd8 32. h4 Rxe5 33. dxe5 Ne8 34. Rd1+ Ke7 35. Rcd3 a6 36. Rd7+ Kf8 37. Rd8 axb5 38. axb5 1-0

[Event "Politiken Cup 37th"]
[Site "Helsingor"]
[Date "2015.07.28"]
[Round "5"]
[White "Percivaldi, Martin"]
[Black "Petersen, Martin Reib"]
[Result "1-0"]
[WhiteElo "2310"]
[BlackElo "2122"]
[PlyCount "197"]
[EventDate "2015.07.25"]
[EventType "swiss"]
[EventRounds "10"]
[EventCountry "DEN"]
[SourceTitle "CBM 167 Extra"]
[Source "ChessBase"]
[SourceDate "2015.09.14"]
[SourceVersion "1"]
[SourceVersionDate "2015.09.14"]
[SourceQuality "1"]

1. d4 Nf6 2. Nf3 e6 3. c4 Nc6 4. g3 d5 5. Bg2 dxc4 6. Qa4 Bb4+ 7. Bd2 Nd5 8. Bxb4 Ndxb4 9. 0-0 0-0 10. Na3 a6 11. Ne5 Qxd4 12. Nxc6 Nxc6 13. Bxc6 bxc6 14. Nxc4 c5 15. Qc2 Bb7 16. Rfd1 Qe4 17. Qxe4 Bxe4 18. Rac1 Rfd8 19. Rxd8+ Rxd8 20. Kf1 Rb8 21. b3 Bd5 22. Nd2 c4 23. e4 Bc6 24. f3 cxb3 25. Rxc6 bxa2 26. Rc1 Kf8 27. Ke2 a5 28. Kd3 a4 29. Kc3 a3 30. Nb3 c5 31. Ra1 c4 32. Kxc4 Rc8+ 33. Nc5 Ke7 34. Rxa2 Kd6 35. Rd2+ Kc6 36. Nb3 Ra8 37. Ra2 Ra4+ 38. Kc3 g5 39. g4 Kd6 40. Nc1 f5 41. Re2 fxg4 42. fxg4 Ke5 43. Nd3+ Kd6 44. Kb3 a2 45. Rxa2 Rxe4 46. Rg2 Kd5 47. Kc3 Ra4 48. Ne1 Ra3+ 49. Kd2 Ra2+ 50. Nc2 Ke4 51. Rf2 Ra4 52. Rf7 Ke5 53. Rxh7 Rxg4 54. Ke3 Rc4 55. Ne1 Kf5 56. Nf3 Re4+ 57. Kf2 g4 58. Ng1 Ra4 59. Rh5+ Kg6 60. Rb5 Ra3 61. Ne2 Kf6 62. Ng3 Ra2+ 63. Kg1 Ra1+ 64. Nf1 Ra2 65. Rb4 Kg5 66. Ne3 Ra1+ 67. Kg2 Ra2+ 68. Kg3 Ra3 69. Rxg4+ Kh5 70. Re4 Ra6 71. Nc4 Kg5 72. Ne5 Kf5 73. Re3 Ra5 74. Nf3 e5 75. h4 Rc5 76. Ng5 Rc4 77. Rf3+ Kg6 78. Nf7 Rc5 79. Nd6 Rd5 80. Ne4 Rd4 81. Re3 Kf5 82. Kf3 Rd1 83. Ng3+ Kf6 84. Kg4 Rd4+ 85. Re4 Rd1 86. Ra4 Rg1 87. Ra6+ Kf7 88. h5 Ke7 89. Rg6 Kf7 90. Kf5 Re1 91. Ne4 Rh1 92. Rg5 Ra1 93. Kxe5 Ra5+ 94. Kf4 Rxg5 95. Kxg5 Kg7 96. h6+ Kh7 97. Kh5 Kg8 98. Kg6 Kh8 99. Nd6 1-0

[Event "Politiken Cup 35th"]
[Site "Helsingor"]
[Date "2013.07.29"]
[Round "4"]
[White "Henriksen, Geir Ivar"]
[Black "Petersen, Martin Reib"]
[Result "1/2-1/2"]
[WhiteElo "2215"]
[BlackElo "2009"]
[PlyCount "69"]
[EventDate "2013.07.27"]
[EventType "swiss"]
[EventRounds "10"]
[EventCountry "DEN"]
[SourceTitle "CBM 155 Extra"]
[Source "ChessBase"]
[SourceDate "2013.08.26"]
[SourceVersion "1"]
[SourceVersionDate "2013.08.26"]
[SourceQuality "1"]

1. c4 e5 2. g3 d5 3. cxd5 c6 4. dxc6 Nxc6 5. Nc3 Nf6 6. Nf3 Bc5 7. Bg2 Bf5 8. 0-0 0-0 9. d3 Qe7 10. Bg5 Rfd8 11. Nd2 Qe6 12. Nde4 Be7 13. Nxf6+ gxf6 14. Be3 Bh3 15. Qb3 Qxb3 16. axb3 Be6 17. Nb5 Bxb3 18. Nxa7 Nd4 19. Bxd4 Rxd4 20. Bxb7 Rb8 21. Bf3 Ba4 22. Ra2 Bc5 23. Nc6 Bxc6 24. Bxc6 Rdb4 25. Rc1 Bd4 26. Bd5 Rxb2 27. Rc7 Rxa2 28. Bxf7+ Kh8 29. Bxa2 Rb2 30. e3 Bxe3 31. fxe3 Rxa2 32. d4 exd4 33. exd4 Rd2 34. Rd7 Kg8 35. g4 1/2-1/2

[Event "Politiken Cup 35th"]
[Site "Helsingor"]
[Date "2013.07.28"]
[Round "2"]
[White "Gandrud, Vegar Koi"]
[Black "Petersen, Martin Reib"]
[Result "1-0"]
[WhiteElo "2267"]
[BlackElo "2009"]
[PlyCount "57"]
[EventDate "2013.07.27"]
[EventType "swiss"]
[EventRounds "10"]
[EventCountry "DEN"]
[SourceTitle "CBM 155 Extra"]
[Source "ChessBase"]
[SourceDate "2013.08.26"]
[SourceVersion "1"]
[SourceVersionDate "2013.08.26"]
[SourceQuality "1"]

1. d4 Nf6 2. c4 Nc6 3. Nc3 e5 4. d5 Ne7 5. h4 Nf5 6. Qd3 g6 7. Nf3 d6 8. e4 Ng7 9. Be2 Be7 10. Bh6 Ngh5 11. g3 Ng4 12. Bd2 h6 13. Nh2 Nxh2 14. Rxh2 Ng7 15. 0-0-0 f5 16. h5 fxe4 17. Nxe4 Bf5 18. g4 Bxe4 19. Qxe4 g5 20. Rh3 Kf8 21. Rf3+ Kg8 22. Bd3 Qd7 23. Rg1 Rf8 24. Rgg3 Rf6 25. Rxf6 Bxf6 26. Rf3 Qf7 27. Qg6 Qxg6 28. Bxg6 Bd8 29. Rf7 1-0

[Event "Horsens Lang Weekend op"]
[Site "Horsens"]
[Date "2013.07.20"]
[Round "5"]
[White "Petersen, Martin Reib"]
[Black "Pedersen, Peter Brondt"]
[Result "0-1"]
[WhiteElo "2009"]
[BlackElo "2168"]
[PlyCount "76"]
[EventDate "2013.07.18"]
[EventType "swiss"]
[EventRounds "7"]
[EventCountry "DEN"]
[SourceTitle "CBM 155 Extra"]
[Source "ChessBase"]
[SourceDate "2013.08.26"]
[SourceVersion "1"]
[SourceVersionDate "2013.08.26"]
[SourceQuality "1"]

1. e4 c5 2. d4 cxd4 3. c3 dxc3 4. Nxc3 e6 5. Nf3 a6 6. Bf4 b5 7. Rc1 Bb7 8. Bd3 Ne7 9. 0-0 Ng6 10. Nd5 Nxf4 11. Nc7+ Ke7 12. Bb1 Nc6 13. Nxa8 Bxa8 14. Qd2 Ng6 15. Rfd1 f6 16. Nd4 Nxd4 17. Qxd4 Ne5 18. Qd6+ Kf7 19. Qxa6 Be7 20. Qxb5 g5 21. Qe2 h5 22. b3 g4 23. Bd3 Qb6 24. Bb5 d6 25. a4 h4 26. Rc3 h3 27. Qe3 Qxe3 28. Rxe3 hxg2 29. Be2 f5 30. exf5 exf5 31. Rd4 Rc8 32. Bc4+ Kf6 33. Bd5 Nf3+ 34. Bxf3 Bxf3 35. Re1 d5 36. b4 Bd6 37. a5 Rh8 38. a6 Bxh2# 0-1

[Event "Horsens Lang Weekend op"]
[Site "Horsens"]
[Date "2013.07.18"]
[Round "2"]
[White "Petersen, Martin Reib"]
[Black "Thuesen, Mogens Henrik"]
[Result "1-0"]
[WhiteElo "2009"]
[BlackElo "2267"]
[PlyCount "129"]
[EventDate "2013.07.18"]
[EventType "swiss"]
[EventRounds "7"]
[EventCountry "DEN"]
[SourceTitle "CBM 155 Extra"]
[Source "ChessBase"]
[SourceDate "2013.08.26"]
[SourceVersion "1"]
[SourceVersionDate "2013.08.26"]
[SourceQuality "1"]

1. e4 c5 2. d4 cxd4 3. c3 Nf6 4. e5 Nd5 5. Bc4 e6 6. Bxd5 exd5 7. Qxd4 d6 8. exd6 Qxd6 9. Bf4 Qe6+ 10. Ne2 Nc6 11. Qd3 Be7 12. 0-0 0-0 13. Nd2 Rd8 14. Rfe1 Qf6 15. Nf3 Bf5 16. Qb5 Be4 17. Bg5 Qg6 18. Bxe7 Nxe7 19. Ng3 Nf5 20. Nxf5 Qxf5 21. Nd4 Qd7 22. f3 Bg6 23. Rad1 f6 24. Qc5 b6 25. Qe7 Rac8 26. Qe6+ Bf7 27. Qxd7 Rxd7 28. Nf5 Kf8 29. Rd4 Bg6 30. Ne3 Re8 31. Kf2 Bf7 32. c4 Re5 33. cxd5 Bxd5 34. Red1 Rxe3 35. Kxe3 Re7+ 36. Kf4 Bxa2 37. Rd8+ Kf7 38. R8d7 g5+ 39. Kg3 Bc4 40. Rxe7+ Kxe7 41. f4 a5 42. f5 b5 43. Rd4 h6 44. Kf3 h5 45. g3 Bf7 46. Ke3 Be8 47. Re4+ Kf7 48. Re6 Bd7 49. Rb6 Ke7 50. Ke4 a4 51. h3 h4 52. gxh4 gxh4 53. Kf4 Be8 54. Kg4 Bd7 55. Kxh4 Bxf5 56. Rxb5 Bd7 57. Rb6 Kf7 58. Kg3 Kg6 59. h4 Bf5 60. Kf4 Bc2 61. Rc6 Bd3 62. Rc3 Be2 63. Rg3+ Kf7 64. Kf5 Bb5 65. h5 1-0

[Event "Copenhagen Obro New Year op"]
[Site "Copenhagen"]
[Date "2008.12.27"]
[Round "1"]
[White "Aabling Thomsen, Jakob"]
[Black "Petersen, Martin Reib"]
[Result "1-0"]
[WhiteElo "2276"]
[BlackElo "1991"]
[PlyCount "107"]
[EventDate "2008.12.27"]
[EventType "swiss"]
[EventRounds "7"]
[EventCountry "DEN"]
[SourceTitle "EXT 2018"]
[Source "ChessBase"]
[SourceDate "2017.10.13"]
[SourceVersion "1"]
[SourceVersionDate "2017.10.13"]
[SourceQuality "1"]

1. e4 c6 2. d4 d5 3. f3 e6 4. Bf4 Qb6 5. b3 dxe4 6. fxe4 Nf6 7. Qd3 Na6 8. c3 g6 9. Qf3 Nd7 10. Nd2 Qd8 11. Bxa6 bxa6 12. Nh3 e5 13. dxe5 Nc5 14. 0-0 Bxh3 15. Qxh3 Ne6 16. Nc4 Bc5+ 17. Kh1 0-0 18. Bh6 Re8 19. Rad1 Qc7 20. Rd3 Rad8 21. Rdf3 Rd7 22. b4 Bf8 23. Bxf8 Rxf8 24. Qh6 Qd8 25. Ne3 Qg5 26. Qh3 h5 27. Nc4 Qd8 28. Qg3 Ng5 29. e6 Nxe6 30. Ne5 Rd1 31. Nxc6 Qd3 32. Kg1 Rxf1+ 33. Rxf1 Qxg3 34. hxg3 Kg7 35. c4 Ng5 36. Re1 Rc8 37. Na5 Kf6 38. e5+ Ke7 39. c5 Ne6 40. Rd1 Rc7 41. Rd6 Nd8 42. Rxa6 Kd7 43. Kf2 Kc8 44. Ke3 Re7 45. Ke4 Ne6 46. Rc6+ Rc7 47. a4 Ng5+ 48. Kd5 Ne6 49. b5 Rxc6 50. Nxc6 Kb7 51. Kd6 Ng5 52. Ke7 Ne4 53. Kxf7 Nxc5 54. e6 1-0

[Event "Politiken Cup 30th"]
[Site "Helsingor"]
[Date "2008.07.26"]
[Round "9"]
[White "Petersen, Martin Reib"]
[Black "Blomstrom, Lars"]
[Result "0-1"]
[WhiteElo "1987"]
[BlackElo "2197"]
[PlyCount "110"]
[EventDate "2008.07.19"]
[EventType "swiss"]
[EventRounds "10"]
[EventCountry "DEN"]
[SourceTitle "CBM 125 Extra"]
[Source "ChessBase"]
[SourceDate "2008.09.01"]
[SourceVersion "1"]
[SourceVersionDate "2008.09.01"]
[SourceQuality "1"]

1. Nf3 Nf6 2. g3 g6 3. Bg2 Bg7 4. 0-0 0-0 5. d4 d6 6. c4 c6 7. Nc3 Qa5 8. Bf4 Qh5 9. Qd2 Bh3 10. Rfe1 Ng4 11. d5 Nd7 12. Bg5 Rfe8 13. Bh4 Bxg2 14. Kxg2 h6 15. h3 Nge5 16. dxc6 bxc6 17. Nh2 g5 18. g4 Qg6 19. Bg3 Nxc4 20. Qc1 Rab8 21. b3 Na3 22. e4 Nb5 23. Nxb5 cxb5 24. Rb1 Nc5 25. Qe3 a6 26. Nf3 Rbc8 27. Nd4 Bxd4 28. Qxd4 Ne6 29. Qb6 Nc5 30. e5 Nd3 31. Red1 Qe4+ 32. Kg1 Nxe5 33. Bxe5 Qxe5 34. Qxa6 Ra8 35. Qc6 Rec8 36. Qb7 Rab8 37. Qf3 Rc3 38. Rd3 Rbc8 39. Rbd1 b4 40. Qb7 Kf8 41. Qxb4 Rxd3 42. Rxd3 Rc1+ 43. Kg2 Qe2 44. Qd4 Qf1+ 45. Kg3 Qg1+ 46. Kf3 Qh1+ 47. Ke3 f6 48. Qd5 Qxh3+ 49. f3 Qf1 50. Ke4 Rc5 51. Qa8+ Kf7 52. Rd2 Qe1+ 53. Kd3 Qe5 54. Qe4 Rc3+ 55. Ke2 Qh2+ 0-1

[Event "Politiken Cup 30th"]
[Site "Helsingor"]
[Date "2008.07.25"]
[Round "8"]
[White "Andersson, Christin"]
[Black "Petersen, Martin Reib"]
[Result "1/2-1/2"]
[WhiteElo "2144"]
[BlackElo "1987"]
[PlyCount "20"]
[EventDate "2008.07.19"]
[EventType "swiss"]
[EventRounds "10"]
[EventCountry "DEN"]
[SourceTitle "CBM 125 Extra"]
[Source "ChessBase"]
[SourceDate "2008.09.01"]
[SourceVersion "1"]
[SourceVersionDate "2008.09.01"]
[SourceQuality "1"]

1. e4 c6 2. Nc3 d5 3. Qf3 dxe4 4. Nxe4 Nd7 5. d4 Ndf6 6. Be3 Nxe4 7. Qxe4 Nf6 8. Qd3 g6 9. Nf3 Qa5+ 10. Bd2 Qd5 1/2-1/2

[Event "Politiken Cup 30th"]
[Site "Helsingor"]
[Date "2008.07.24"]
[Round "7"]
[White "Petersen, Martin Reib"]
[Black "Kristensen, Kjell Ole"]
[Result "1/2-1/2"]
[WhiteElo "1987"]
[BlackElo "2159"]
[PlyCount "49"]
[EventDate "2008.07.19"]
[EventType "swiss"]
[EventRounds "10"]
[EventCountry "DEN"]
[SourceTitle "CBM 125 Extra"]
[Source "ChessBase"]
[SourceDate "2008.09.01"]
[SourceVersion "1"]
[SourceVersionDate "2008.09.01"]
[SourceQuality "1"]

1. Nf3 c5 2. g3 Nc6 3. d4 cxd4 4. Nxd4 g6 5. Bg2 Bg7 6. c3 Nf6 7. 0-0 0-0 8. Bg5 h6 9. Bf4 Qb6 10. Nxc6 bxc6 11. Qc1 Kh7 12. e4 Ba6 13. Be3 Qc7 14. Re1 Ng4 15. Bd4 e5 16. Bc5 d6 17. Qd1 dxc5 18. Qxg4 Rad8 19. Bf1 f5 20. exf5 gxf5 21. Qa4 Bxf1 22. Kxf1 f4 23. Qe4+ Kh8 24. Na3 fxg3 25. hxg3 1/2-1/2

[Event "Politiken Cup 30th"]
[Site "Helsingor"]
[Date "2008.07.23"]
[Round "6"]
[White "Pedersen, Henrik Bolding"]
[Black "Petersen, Martin Reib"]
[Result "1/2-1/2"]
[WhiteElo "2178"]
[BlackElo "1987"]
[PlyCount "53"]
[EventDate "2008.07.19"]
[EventType "swiss"]
[EventRounds "10"]
[EventCountry "DEN"]
[SourceTitle "CBM 125 Extra"]
[Source "ChessBase"]
[SourceDate "2008.09.01"]
[SourceVersion "1"]
[SourceVersionDate "2008.09.01"]
[SourceQuality "1"]

1. e4 c6 2. d4 d5 3. e5 Bf5 4. Nf3 e6 5. Be2 c5 6. 0-0 Nc6 7. c3 Be7 8. dxc5 Bxc5 9. Nbd2 Nge7 10. b4 Bb6 11. b5 Na5 12. Ba3 Rc8 13. Rc1 Bc5 14. Bb4 0-0 15. Nd4 Bg6 16. Qa4 Bxb4 17. cxb4 Nc4 18. Nxc4 dxc4 19. Rfd1 Bd3 20. Qxa7 Bxe2 21. Nxe2 Qc7 22. Qe3 Nd5 23. Qe4 Nxb4 24. Rd4 Rfd8 25. Rxd8+ Rxd8 26. g3 Rc8 27. Nc3 1/2-1/2